Statistiques concernant Pays de la mer Caspienne

Cliquez ici pour prendre le quiz!

Statistiques générales

  • Ce quiz a été pris 6 603 fois
  • Le résultat moyen est 4 sur 5

Statistiques - réponses

Pays% Correct
Russie
92%
Azerbaïdjan
83%
Iran
79%
Kazakhstan
79%
Turkménistan
78%

Distribution des résultats

Percentile par nombre de réponses

% des personnes avec chaque résultat

Votre développement - résultats

Vous n’avez pas pris ce quiz